1973: NFL Teams with the Most Points - Statistics

General Stats
  • This quiz has been taken 11 times
  • The average score is 8 of 10
Answer Stats
Number of points NFL Team % Correct
388 Los Angeles Rams
100%
343 Miami Dolphins
100%
382 Dallas Cowboys
90%
292 Oakland Raiders
90%
347 Pittsburgh Steelers
90%
325 Washington Redskins
90%
354 Denver Broncos
80%
318 Atlanta Falcons
70%
310 Philadelphia Eagles
70%
296 Minnesota Vikings
60%
No matching quizzes found
Score Distribution
Percent of People with Each Score
Percentile by Number Answered
Your Score History
You have not taken this quiz